Effect of modified carbon black on the processing of NR and SBR-based compounds (Record no. 57962)

MARC details
000 -LEADER
fixed length control field 00432nam a2200133Ia 4500
100 ## - MAIN ENTRY--AUTHOR NAME
Personal name Adhikary Abhijit
245 #0 - TITLE STATEMENT
Title Effect of modified carbon black on the processing of NR and SBR-based compounds
260 ## - PUBLICATION, DISTRIBUTION, ETC. (IMPRINT)
Name of publisher Progress in Rubber, Plastics and Recycling Technology
Year of publication 2009
300 ## - PHYSICAL DESCRIPTION
Number of Pages 165-186
700 ## - ADDED ENTRY--PERSONAL NAME
Personal name Mukhopadhyay Rabindra
700 ## - ADDED ENTRY--PERSONAL NAME
Personal name Sengupta Pranab Kumar
942 ## - ADDED ENTRY ELEMENTS (KOHA)
Koha item type Journals
Holdings
Withdrawn status Lost status Damaged status Not for loan Home library Current library Shelving location Date acquired Serial Enumeration / chronology Koha item type
      Journals RRII Library RRII Library DL 27/11/2009 Volume 25, Issue 3 Journals